[Event "Skalica Rapid 2020"]
[Site "Skalica"]
[Date "2020.08.29"]
[Round "1.1"]
[White "Bidulsky, Matej"]
[Black "Kubat, Pavel"]
[Result "1-0"]
[WhiteElo "1548"]
[BlackElo "2066"]
[Annotator "ChessBase"]
[PlyCount "122"]
[EventDate "2020.08.29"]
[EventType "swiss"]
[EventCountry "SVK"]
[SourceTitle "playchess.com"]
[Source "ChessBase"]
[SourceQuality "1"]
[TimeControl "600+5"]

1. e4 {[%emt 0:00:00]} c5 {[%emt 0:00:00]} 2. Bc4 {[%emt 0:00:04]} Nc6 {[%emt 0:00:03]} 3. Nf3 {[%emt 0:00:02]} d6 {[%emt 0:00:10]} 4. d4 {[%emt 0:00:03]} cxd4 {[%emt 0:00:06]} 5. Nxd4 {[%emt 0:00:02]} Nf6 {[%emt 0:00:02]} 6. Nc3 {[%emt 0:00:02]} g6 {[%emt 0:00:08]} 7. O-O {[%emt 0:00:17]} Bg7 {[%emt 0:00:01]} 8. Re1 {[%emt 0:00:03]} O-O {[%emt 0:00:28]} 9. h3 {[%emt 0:00:35]} Bd7 {[%emt 0:00:34]} 10. Nf3 {[%emt 0:00:31]} Rc8 {[%emt 0:00:05]} 11. Bb5 {[%emt 0:00:27]} a6 {[%emt 0:00:02]} 12. Ba4 {[%emt 0:00:02]} b5 {[%emt 0:00:02]} 13. Bb3 {[%emt 0:00:01]} Ne8 {[%emt 0:00:24]} 14. Nd5 {[%emt 0:00:20]} Nc7 {[%emt 0:00:05]} 15. c3 {[%emt 0:00:05]} Ne6 {[%emt 0:00:05]} 16. Ng5 {[%emt 0:00:16]} h6 {[%emt 0:00:09]} 17. Nf3 {[%emt 0:00:10]} Nc5 {[%emt 0:00:01]} 18. Bc2 {[%emt 0:00:04]} Kh7 {[%emt 0:00:12]} 19. Be3 {[%emt 0:00:13]} Na5 {[%emt 0:00:23]} 20. b4 {[%emt 0:03:36]} e6 {[%emt 0:00:00]} 21. Nf4 {[%emt 0:00:01]} Ncb7 {[%emt 0:01:36]} 22. bxa5 {[%emt 0:00:22]} Bxc3 {[%emt 0:00:01]} 23. Qd3 {[%emt 0:00:32]} Bxa1 {[%emt 0:01:13]} 24. Rxa1 {[%emt 0:00:18]} e5 {[%emt 0:00:24]} 25. Nd5 {[%emt 0:00:07]} Nc5 {[%emt 0:00:07]} 26. Qd2 {[%emt 0:00:16]} g5 {[%emt 0:01:58]} 27. Nb6 {[%emt 0:00:06]} Rc6 {[%emt 0:00:23]} 28. Bxc5 {[%emt 0:01:09]} Rxc5 {[%emt 0:00:04]} 29. Qxd6 {[%emt 0:00:14]} Rxc2 {[%emt 0:00:01]} 30. Nxd7 {[%emt 0:00:07]} Kg7 {[%emt 0:00:45]} 31. Qxf8+ {[%emt 0:00:04]} Qxf8 {[%emt 0:00:03]} 32. Nxf8 {[%emt 0:00:01]} Kxf8 {[%emt 0:00:02]} 33. Nxe5 {[%emt 0:00:01]} Ke7 {[%emt 0:00:15]} 34. Ng4 {[%emt 0:00:06]} Rc4 {[%emt 0:00:47]} 35. f3 {[%emt 0:00:12]} h5 {[%emt 0:00:05]} 36. Ne3 {[%emt 0:00:01]} Ra4 {[%emt 0:00:00]} 37. Kf2 {[%emt 0:00:12]} Rxa5 {[%emt 0:00:01]} 38. Ke2 {[%emt 0:00:01]} b4 {[%emt 0:00:14]} 39. Nd5+ {[%emt 0:00:02]} Ke6 {[%emt 0:00:10]} 40. Nxb4 {[%emt 0:00:02]} Ra4 {[%emt 0:00:36]} 41. Nd3 {[%emt 0:00:04]} Ra3 {[%emt 0:00:16]} 42. Kd2 {[%emt 0:00:07]} f5 {[%emt 0:00:02]} 43. Kc2 {[%emt 0:00:12]} g4 {[%emt 0:00:09]} 44. hxg4 {[%emt 0:01:19]} hxg4 {[%emt 0:00:14]} 45. fxg4 {[%emt 0:00:02]} fxe4 {[%emt 0:00:08]} 46. Nc5+ {[%emt 0:00:11]} Kd5 {[%emt 0:00:16]} 47. Nb3 {[%emt 0:00:03]} Ke5 {[%emt 0:00:14]} 48. Kb2 {[%emt 0:00:03]} Ra4 {[%emt 0:00:01]} 49. Re1 {[%emt 0:00:02]} Kf4 {[%emt 0:00:16]} 50. Nc5 {[%emt 0:00:01]} Rb4+ {[%emt 0:00:10]} 51. Kc3 {[%emt 0:00:01]} a5 {[%emt 0:00:03]} 52. Rxe4+ {[%emt 0:00:05]} Rxe4 {[%emt 0:00:18]} 53. Nxe4 Kxe4 {[%emt 0:00:03]} 54. Kc4 {[%emt 0:00:02]} Kf4 {[%emt 0:00:19]} 55. Kb5 {[%emt 0:00:01]} Kxg4 {[%emt 0:00:01]} 56. Kxa5 {[%emt 0:00:01]} Kg3 {[%emt 0:00:01]} 57. Kb6 {[%emt 0:00:01]} Kxg2 {[%emt 0:00:01]} 58. a4 {[%emt 0:00:00]} Kf3 {[%emt 0:00:01]} 59. a5 {[%emt 0:00:01]} Ke4 {[%emt 0:00:01]} 60. a6 {[%emt 0:00:01]} Kd5 {[%emt 0:00:00]} 61. a7 {[%emt 0:00:00]} Kd4 1-0

[Event "Skalica Rapid 2020"]
[Site "Skalica"]
[Date "2020.08.29"]
[Round "1.2"]
[White "Sarmir, Milos"]
[Black "Tupy, Emil"]
[Result "1-0"]
[WhiteElo "2059"]
[BlackElo "1538"]
[Annotator "TA"]
[PlyCount "137"]
[EventDate "2020.08.29"]
[EventType "swiss"]
[EventCountry "SVK"]
[SourceTitle "playchess.com"]
[Source "ChessBase"]
[SourceQuality "1"]

{[%evp 12,137,52,49,108,26,28,12,46,22,32,-34,-9,-10,137,165,252,263,256,259,257,248,254,241,246,162,276,248,246,225,287,273,327,353,341,332,340,319,295,260,258,252,288,277,385,385,382,384,473,380,475,423,441,175,173,20,26,26,22,0,99,104,140,36,36,36,158,0,36,36,36,21,36,21,140,36,36,21,36,21,36,21,21,21,21,21,36,17,17,17,17,17,17,17,17,17,17,17,2100,1983,1670,1497,29955,29953,29959,29959,29956,29961,29964,29963,29946,10978,29976,29977,29980,29980,29980,29977,29977,29974,29983,29984,29992,29993,29997,29984,29997,29998]} 1. e4 g6 2. d4 Bg7 3. Nf3 d6 4. Bc4 Nf6 5. Nc3 c6 6. O-O O-O 7. Re1 Nbd7 {B08: Pirc Defence: Classical System.} (7... Bg4 $14) 8. Bg5 (8. e5 $16 dxe5 9. dxe5) 8... b5 9. Bd3 b4 {The position is equal.} 10. Ne2 {[#]} a5 $146 ({Predecessor:} 10... c5 11. c3 bxc3 12. bxc3 Bb7 13. Ng3 h6 14. Bd2 cxd4 15. cxd4 Nb6 16. Rc1 Rc8 {0-1 (32) Rylska,K (1334)-Jedrocha,K (1563) Borowice 2012}) 11. e5 ({Better is} 11. a3 $14) 11... dxe5 $15 12. dxe5 Ne8 (12... Ng4 $11 {remains equal.}) 13. Ned4 $36 {[%mdl 2048] White is in control.} Bb7 (13... Qc7 {is a better defense.} 14. Bxe7 Nxe5) 14. e6 $1 $18 {[%cal Re6d7]} Bxd4 15. Nxd4 Ndf6 16. exf7+ Rxf7 17. Bc4 Nd5 18. Qe2 Nef6 (18... Qb6 {was necessary.}) 19. Rad1 Qc7 20. Ne6 Qb6 21. Bh6 Ba6 22. Ng5 {Threatens to win with Qe6!} Bxc4 23. Qxc4 Qa6 24. Qxa6 Rxa6 25. Nxf7 Kxf7 26. h3 e6 27. Bg5 Ra7 28. Rd3 c5 29. Rf3 c4 30. Re5 Rd7 {[#]} 31. Rxd5 $1 {[%mdl 576] Remove Defender} Rxd5 32. Rxf6+ $2 {[%mdl 4096] Endgame KRB-KR} (32. Bxf6 Ke8 33. Rf4) 32... Kg7 33. h4 $2 (33. f4 $1 $18 h6 34. Bh4 (34. Rxe6 hxg5 35. Re7+ Kf6 $14)) 33... h6 $11 {And now ...Rd1+ would win.} 34. Rxe6 hxg5 35. hxg5 Rxg5 {KR-KR} (35... Rd1+ $11 36. Kh2 Rd2) 36. Rc6 $16 Rg4 37. f3 (37. Kf1 $16) 37... Rd4 $14 38. Kh2 a4 (38... b3 $1 $14 39. Rc7+ (39. axb3 cxb3 40. Kg3 Rd2 $14) 39... Kf6 40. cxb3 (40. axb3 cxb3 41. cxb3 Rd2 $14) 40... cxb3 41. axb3 Rd2) 39. c3 $2 (39. Ra6 $16) 39... bxc3 (39... a3 {keeps more tension.} 40. Rb6 bxc3 41. bxc3 Rd3 42. Kg3 Rxc3 43. Ra6 Kh6) 40. bxc3 Rd2 41. Rxc4 Rxa2 42. Kg3 Ra1 {[#]} (42... g5 $11) 43. Rc7+ (43. Kf4 $1 $16) 43... Kh6 44. Ra7 a3 45. c4 a2 46. c5 Rc1 47. Rxa2 {aiming for Ra5.} Rxc5 48. Kg4 Rc6 49. g3 g5 50. Ra5 Rc4+ $1 51. Kh3 Kg6 52. g4 Kf6 53. Kg3 Rc3 54. Ra6+ Ke5 $2 {[%mdl 8192] This move loses the game for Black.} (54... Kg7 $11) 55. Rg6 $18 Rc1 56. Rxg5+ Kf6 57. Ra5 Rg1+ 58. Kf4 Rc1 59. Ra6+ Kg7 60. Kg5 Rc5+ {[#]} 61. Kh4 $1 Rc7 62. f4 {White mates.} Rc1 63. Kg5 Rc5+ 64. f5 Rc7 65. Kh5 Kh7 66. g5 Rb7 67. g6+ Kg7 68. Kg5 Rc7 69. f6+ {Accuracy: White = 70%, Black = 50%.} 1-0

[Event "Skalica Rapid 2020"]
[Site "Skalica"]
[Date "2020.08.29"]
[Round "1.3"]
[White "Striskova, Lucia"]
[Black "Vadila, Ondrej"]
[Result "1/2-1/2"]
[WhiteElo "1706"]
[BlackElo "2057"]
[Annotator "ChessBase"]
[PlyCount "116"]
[EventDate "2020.08.29"]
[EventType "swiss"]
[EventCountry "SVK"]
[SourceTitle "playchess.com"]
[Source "ChessBase"]
[SourceQuality "1"]
[TimeControl "600+5"]

1. e4 {[%emt 0:00:00]} c5 {[%emt 0:00:00]} 2. Nf3 {[%emt 0:00:00]} g6 {[%emt 0:00:00]} 3. d4 {[%emt 0:00:00]} cxd4 {[%emt 0:00:00]} 4. Nxd4 {[%emt 0:00:02]} Bg7 {[%emt 0:00:01]} 5. Be3 {[%emt 0:00:04]} Nc6 {[%emt 0:00:09]} 6. Nc3 {[%emt 0:00:10]} Nf6 {[%emt 0:00:03]} 7. Bc4 {[%emt 0:00:14]} Qa5 {[%emt 0:00:03]} 8. f3 {[%emt 0:00:29]} Qb4 {[%emt 0:00:03]} 9. Nxc6 {[%emt 0:00:50]} Qxc4 {[%emt 0:00:08]} 10. Na5 {[%emt 0:00:18]} Qa6 {[%emt 0:00:23]} 11. Nb3 d6 {[%emt 0:00:08]} 12. Qe2 {[%emt 0:00:05]} Qxe2+ {[%emt 0:00:13]} 13. Kxe2 {[%emt 0:00:09]} O-O {[%emt 0:00:04]} 14. Rad1 {[%emt 0:00:09]} Be6 {[%emt 0:00:06]} 15. Rd2 {[%emt 0:00:13]} Nd7 {[%emt 0:01:18]} 16. Nd4 {[%emt 0:00:25]} Bc4+ {[%emt 0:00:10]} 17. Kf2 {[%emt 0:00:05]} Rac8 {[%emt 0:00:37]} 18. b3 {[%emt 0:00:20]} Ba6 {[%emt 0:00:13]} 19. Nd5 {[%emt 0:00:01]} Rfe8 {[%emt 0:00:02]} 20. c4 {[%emt 0:00:37]} b6 {[%emt 0:00:34]} 21. Nc2 {[%emt 0:00:43]} Bb7 {[%emt 0:00:43]} 22. Bg5 {[%emt 0:00:59]} Kf8 {[%emt 0:00:50]} 23. Ncb4 {[%emt 0:00:37]} Nc5 {[%emt 0:00:23]} 24. Nd3 {[%emt 0:00:48]} Ne6 {[%emt 0:01:03]} 25. Be3 {[%emt 0:00:32]} Kg8 {[%emt 0:00:28]} 26. N3f4 {[%emt 0:00:08]} Nc5 {[%emt 0:00:11]} 27. Ne2 {[%emt 0:00:49]} Rcd8 {[%emt 0:00:23]} 28. Bg5 {[%emt 0:00:16]} Rd7 {[%emt 0:00:21]} 29. h4 {[%emt 0:00:24]} h6 {[%emt 0:00:08]} 30. Be3 {[%emt 0:00:06]} Red8 {[%emt 0:00:16]} 31. h5 {[%emt 0:00:09]} g5 {[%emt 0:00:05]} 32. Bd4 {[%emt 0:00:21]} Bf8 {[%emt 0:01:28]} 33. Ng3 {[%emt 0:00:05]} Ne6 {[%emt 0:00:03]} 34. Bc3 {[%emt 0:00:23]} Bxd5 {[%emt 0:00:10]} 35. exd5 Nf4 36. Nf5 {[%emt 0:00:40]} e6 {[%emt 0:00:13]} 37. dxe6 {[%emt 0:00:26]} fxe6 {[%emt 0:00:05]} 38. Ne3 {[%emt 0:00:14]} d5 {[%emt 0:00:31]} 39. cxd5 {[%emt 0:00:28]} Nxd5 {[%emt 0:00:48]} 40. Nxd5 {[%emt 0:00:17]} Rxd5 {[%emt 0:00:13]} 41. Rxd5 {[%emt 0:00:37]} Rxd5 {[%emt 0:00:05]} 42. Re1 {[%emt 0:00:01]} Kf7 {[%emt 0:00:11]} 43. Re4 {[%emt 0:00:01]} Bc5+ {[%emt 0:00:05]} 44. Ke2 {[%emt 0:00:03]} b5 {[%emt 0:00:09]} 45. Be1 {[%emt 0:00:14]} Bb6 {[%emt 0:00:12]} 46. Bf2 {[%emt 0:00:05]} Bxf2 {[%emt 0:00:12]} 47. Kxf2 {[%emt 0:00:00]} Rd2+ {[%emt 0:00:03]} 48. Re2 {[%emt 0:00:01]} Rxe2+ {[%emt 0:00:09]} 49. Kxe2 {[%emt 0:00:01]} Kf6 {[%emt 0:00:01]} 50. Ke3 {[%emt 0:00:02]} Ke5 {[%emt 0:00:01]} 51. g3 {[%emt 0:00:05]} a5 {[%emt 0:00:06]} 52. a3 {[%emt 0:00:05]} a4 {[%emt 0:00:07]} 53. b4 {[%emt 0:00:18]} Kd5 {[%emt 0:00:05]} 54. Kd3 {[%emt 0:00:01]} Ke5 {[%emt 0:00:10]} 55. Ke3 {[%emt 0:00:00]} Kd5 {[%emt 0:00:10]} 56. Kd3 {[%emt 0:00:01]} Ke5 {[%emt 0:00:00]} 57. Ke3 {[%emt 0:00:01]} Kd5 {[%emt 0:00:07]} 58. Kd3 {[%emt 0:00:01]} Ke5 {[%emt 0:00:00]} 1/2-1/2

[Event "Skalica Rapid 2020"]
[Site "Skalica"]
[Date "2020.08.29"]
[Round "1.4"]
[White "Jablonicky, Frantisek"]
[Black "Meszaros, Casey Ryan"]
[Result "1-0"]
[WhiteElo "2026"]
[BlackElo "1478"]
[Annotator "TA"]
[PlyCount "53"]
[EventDate "2020.08.29"]
[EventType "swiss"]
[EventCountry "SVK"]
[SourceTitle "playchess.com"]
[Source "ChessBase"]
[SourceQuality "1"]

{[%evp 12,53,10,-22,-6,-10,15,-12,0,-29,7,-44,31,-7,23,0,37,5,203,247,237,248,317,234,1097,1091,1058,503,510,475,483,450,992,813,817,812,2000,1981,29992,29993,29995,29996,29997,29998]} 1. g3 d5 2. f4 Nf6 3. Nf3 c5 4. Bg2 e6 5. O-O Nc6 6. d3 Be7 7. Qe1 O-O {A03: Bird's Opening with 1...d5.} 8. e4 d4 9. h3 {[#]} b6 $146 {The position is equal.} ({Predecessor:} 9... Bd7 10. g4 h6 11. g5 hxg5 12. fxg5 Nh5 13. Qh4 g6 14. Bf4 Nxf4 15. Qxf4 e5 {½-½ (25) Cording,T (2081)-Zoch,W (1953) Langenhagen 2019}) 10. g4 Qc7 11. g5 ({White should play} 11. a4 $11) 11... Ne8 (11... Nh5 $15) 12. Na3 Nd6 13. Nh2 Ba6 14. f5 {[#] Strongly threatening f6.} e5 $2 (14... f6 $1 $11 {and Black has nothing to worry.}) 15. f6 $18 Bd8 16. Qh4 b5 17. Ng4 {Black must now prevent fxg7.} Qd7 $2 (17... g6 18. Qh6 Ne8) 18. fxg7 Re8 {[#]} 19. Nf6+ (19. Rf6 $142 $1 {[%mdl 512]}) 19... Bxf6 20. gxf6 c4 21. Bf3 {And now Bg4 would win.} b4 (21... Bc8 $142 22. Bg4 Qc7) 22. Nxc4 Bxc4 23. dxc4 Nxc4 24. Bg4 Qxg4+ 25. hxg4 {White mates.} Nd6 26. Rf2 Rac8 27. Rh2 {Black got outplayed after the opening. Accuracy: White = 42%, Black = 27%.} 1-0

[Event "Skalica Rapid 2020"]
[Site "Skalica"]
[Date "2020.08.29"]
[Round "1.5"]
[White "Sperat Czar, Nicolas"]
[Black "O'Donnell, Tom"]
[Result "0-1"]
[WhiteElo "1737"]
[BlackElo "2332"]
[Annotator "TA"]
[PlyCount "84"]
[EventDate "2020.08.29"]
[EventType "swiss"]
[EventCountry "SVK"]
[SourceTitle "playchess.com"]
[Source "ChessBase"]
[SourceQuality "1"]

{[%evp 16,84,20,0,0,-2,-15,-26,-25,-31,-30,-46,-53,-67,-44,-76,0,-31,-27,-28,-28,-60,-50,-81,-26,-39,-20,-33,-18,-29,-7,-29,-29,-370,-356,-548,-540,-508,-466,-458,-434,-409,-342,-434,-337,-438,-307,-902,-909,-891,-864,-1136,-1098,-981,-810,-1163,-875,-875,-861,-837,-837,-829,-769,-29988,-29989,-29990,-29976,-29992,-29993,-29993,-29994]} 1. e4 c5 2. Nf3 d6 3. d4 cxd4 4. Nxd4 Nf6 5. Nc3 a6 6. Bg5 Nbd7 7. Bc4 Qa5 8. Qd2 e6 9. O-O b5 {was the old line (9...Be7). B94: Sicilian Najdorf: 6 Bg5 Nbd7.} 10. Bd3 {Black must now prevent Nd5.} Bb7 11. a3 Qb6 {Black has an edge.} 12. Nf3 Be7 {[#]} 13. Be3 $146 ({Predecessor:} 13. b4 Rc8 14. Rfe1 Qc7 15. Na2 h6 16. Bh4 g5 17. Bg3 Nh5 18. Rac1 Nxg3 19. fxg3 Nb6 20. e5 dxe5 21. Nxe5 {½-½ (29) Pastor Jorda,A-Olivares Ruiz,P Valencia 2009}) 13... Qc7 14. h3 O-O 15. Rad1 d5 (15... Nc5 $17) 16. exd5 Nxd5 17. Nxd5 Bxd5 18. Bf4 Qb7 19. Qe3 Bc5 (19... Nc5 $17) 20. Qe2 $11 Rac8 21. Ng5 h6 22. Ne4 Rfd8 23. Rfe1 Be7 $36 {[%mdl 2048] Black is more active.} 24. Qg4 $2 {[%mdl 8192] Now White is beyond hope.} (24. Bd2 $11 {and White has nothing to worry.}) 24... f5 $19 {[%mdl 64] [#] Double Attack} 25. Qh5 (25. Qe2 {was necessary.} Bxe4 26. Bxe4 Qxe4 27. Qxe4 fxe4 28. Rxe4) 25... fxe4 26. Be2 Nf6 27. Qg6 Bc5 28. Bxh6 Qf7 29. Qg3 Rd7 30. Bg5 Rf8 {...Nh5 is the strong threat.} 31. Bxf6 $2 (31. Be3 Bxe3 32. Qxe3) 31... Qxf6 {[%mdl 64] Double Attack} 32. Rf1 Rdf7 33. Qg4 Bxf2+ 34. Kh1 e3 35. b3 Qf5 36. Qxf5 Rxf5 ({Less strong is} 36... exf5 37. Rxd5 Rc7 38. c4 $15) 37. c4 bxc4 38. bxc4 Be4 {Threatens to win with ...Rg5.} 39. Rd7 Rg5 {Black mates.} 40. Rfd1 Rxg2 41. Bd3 {[#]} Rg1+ $1 {[%mdl 64] Double Attack} 42. Kh2 Rxd1 {Accuracy: White = 38%, Black = 74%.} 0-1

[Event "Skalica Rapid 2020"]
[Site "Skalica"]
[Date "2020.08.29"]
[Round "1.6"]
[White "Havelka, Ondrej"]
[Black "Romanova, Ela"]
[Result "1-0"]
[WhiteElo "2157"]
[BlackElo "1529"]
[Annotator "TA"]
[PlyCount "51"]
[EventDate "2020.08.29"]
[EventType "swiss"]
[EventCountry "SVK"]
[SourceTitle "playchess.com"]
[Source "ChessBase"]
[SourceQuality "1"]

{[%evp 10,51,85,70,77,21,45,47,54,57,95,73,82,77,67,74,88,88,102,68,89,83,86,68,258,112,274,90,84,72,91,70,54,59,73,63,140,146,145,102,714,702,29996,29997]} 1. d4 d5 2. c4 e6 3. Nc3 c6 4. Nf3 Bd6 5. e4 dxe4 6. Nxe4 Nf6 {D31: Queen's Gambit Declined: Semi-Slav without ...Nf6 (+ Marshall Gambit and Noteboom) and Exchange Variation lines without ...Nf6.} 7. Bg5 (7. Nxf6+ $16 Qxf6 8. Bd3) 7... Be7 8. Nc3 Nbd7 {White is slightly better.} 9. Bd3 {[#]} Qb6 $146 ({Predecessor:} 9... O-O 10. O-O Ne8 11. Bf4 Bd6 12. Be3 f5 13. Re1 Ndf6 14. Qc2 Qc7 {½-½ (32) Korpela,O (1550)-Tuominen,K (1734) Naantali 2014}) 10. Qc2 h6 11. Bh4 O-O 12. O-O Re8 13. Rfe1 Qc7 14. c5 b6 15. Bg3 Qd8 16. b4 Nd5 $2 {[#]} ({Better is} 16... a5 $14) 17. a3 (17. Nxd5 $18 cxd5 18. c6 Bxb4 19. c7) 17... b5 $2 (17... Nxc3 $16 18. Qxc3 Rf8) 18. Ne4 $2 (18. Bh7+ $18 {and White stays clearly on top.} Kh8 19. Nxd5 exd5 20. Re3) 18... a5 19. bxa5 Rxa5 20. Nd6 Bxd6 $1 21. Bxd6 Bb7 22. h3 Ba6 ({Black should play} 22... Ra4 $14) 23. Qd2 $40 {[%mdl 128] White attacks with force.} Bb7 24. Re4 Qa8 $2 {[%mdl 8192] [#]} (24... f5 $16) 25. Rg4 $1 $18 {[%mdl 512] Qxh6 would kill now.} N7f6 26. Qxh6 {Accuracy: White = 61%, Black = 49%.} 1-0

[Event "Skalica Rapid 2020"]
[Site "Skalica"]
[Date "2020.08.29"]
[Round "1.7"]
[White "Fajtakova, Silvia"]
[Black "Valenta, Vit"]
[Result "0-1"]
[WhiteElo "1509"]
[BlackElo "2127"]
[Annotator "TA"]
[PlyCount "58"]
[EventDate "2020.08.29"]
[EventType "swiss"]
[EventCountry "SVK"]
[SourceTitle "playchess.com"]
[Source "ChessBase"]
[SourceQuality "1"]

{[%evp 9,58,13,17,20,27,-2,24,22,13,22,40,-19,-2,-151,-122,-145,-89,-87,-85,-89,-86,-85,-81,-96,-91,-123,-114,-118,-107,-160,-150,-322,-316,-325,-314,-287,-225,-241,-211,-334,-343,-333,-216,-409,-425,-829,-818,-775,-809,-1542,-686]} 1. e4 c5 2. Nf3 e6 3. d4 cxd4 4. Nxd4 a6 5. c3 Qc7 6. Bd3 {B41: Sicilian: Kan Variation: 5 c4.} Nc6 7. Be3 Be7 8. O-O {White has an edge.} Nf6 9. f4 d6 {[#]} 10. Nf3 $146 (10. Nd2 $14) ({Predecessor:} 10. Nd2 Bd7 11. Qe2 h5 12. h3 h4 13. N2f3 Nh5 14. Qf2 Ng3 15. Rfe1 O-O-O 16. b4 Rde8 17. b5 Nxd4 18. Nxd4 axb5 {½-½ (18) Klein,G-Carella,A (1948) Hennweiler 2018}) 10... Ng4 $11 11. Bd2 (11. Qe2 $11) 11... Qb6+ $17 {[%mdl 64] [#] Double Attack} 12. Kh1 Nf2+ (12... Qxb2 $142 13. Qc2 Qxa1) 13. Rxf2 Qxf2 14. Na3 {White wants to play Nc4.} b5 {[%cal Bb7b5,Bb5b4][%mdl 32]} 15. c4 b4 16. Nc2 {[#] Be3 is the strong threat.} Qb6 $1 17. Be3 Qb7 18. b3 O-O 19. f5 (19. Qe1 $142) 19... Bf6 20. Bd4 $2 {This move loses the game for White.} (20. Rc1 $17) 20... Nxd4 $19 21. Nfxd4 exf5 22. exf5 Bd7 23. Rc1 a5 24. Qe1 (24. Be2 {keeps fighting.}) 24... Rfe8 25. Qg3 Bc6 26. Qh3 $2 (26. Nxc6 Qxc6 27. Ne3) 26... Be4 27. Bxe4 (27. Nb5 $142 Rad8 28. Qg3) 27... Qxe4 28. Nf3 Qd3 29. Nce1 Qf1+ {Accuracy: White = 40%, Black = 75%.} 0-1

[Event "Skalica Rapid 2020"]
[Site "Skalica"]
[Date "2020.08.29"]
[Round "1.8"]
[White "Pniaczek, Marek"]
[Black "Gurevich, Michele"]
[Result "1-0"]
[WhiteElo "1969"]
[BlackElo "1107"]
[Annotator "ChessBase"]
[PlyCount "67"]
[EventDate "2020.08.29"]
[EventType "swiss"]
[EventCountry "SVK"]
[SourceTitle "playchess.com"]
[Source "ChessBase"]
[SourceQuality "1"]
[TimeControl "600+5"]

1. e4 {[%emt 0:00:00]} e5 {[%emt 0:00:00]} 2. Nf3 {[%emt 0:00:00]} Nf6 {[%emt 0:00:00]} 3. d4 {[%emt 0:00:06]} exd4 {[%emt 0:00:21]} 4. e5 {[%emt 0:00:01]} Qe7 {[%emt 0:00:17]} 5. Qxd4 {[%emt 0:01:08]} Nc6 {[%emt 0:00:17]} 6. Qf4 {[%emt 0:00:22]} d6 {[%emt 0:00:28]} 7. Bb5 {[%emt 0:00:22]} Nd5 {[%emt 0:01:27]} 8. Qe4 {[%emt 0:00:13]} Qe6 {[%emt 0:00:15]} 9. O-O {[%emt 0:00:34]} Be7 {[%emt 0:00:17]} 10. Nd4 {[%emt 0:00:43]} Nf6 {[%emt 0:00:36]} 11. Bxc6+ {[%emt 0:00:43]} Bd7 {[%emt 0:00:35]} 12. exf6 {[%emt 0:00:48]} Qxe4 {[%emt 0:00:15]} 13. Bxe4 {[%emt 0:00:04]} Bxf6 {[%emt 0:00:03]} 14. c3 {[%emt 0:00:24]} c5 {[%emt 0:00:05]} 15. Nf5 {[%emt 0:00:09]} Bxf5 {[%emt 0:00:13]} 16. Bxf5 {[%emt 0:00:03]} O-O {[%emt 0:00:03]} 17. Bf4 {[%emt 0:00:01]} Rad8 {[%emt 0:00:05]} 18. Nd2 {[%emt 0:00:02]} Rfe8 {[%emt 0:00:07]} 19. Ne4 {[%emt 0:00:02]} Be7 {[%emt 0:00:26]} 20. Rfe1 {[%emt 0:00:02]} Bf8 {[%emt 0:00:06]} 21. Nd2 {[%emt 0:00:12]} Be7 {[%emt 0:00:21]} 22. Kf1 {[%emt 0:00:02]} g6 {[%emt 0:00:05]} 23. Bd3 {[%emt 0:00:08]} a6 {[%emt 0:00:24]} 24. c4 {[%emt 0:00:19]} d5 {[%emt 0:00:43]} 25. cxd5 {[%emt 0:00:07]} Rxd5 {[%emt 0:00:04]} 26. Bc4 {[%emt 0:00:07]} Rd4 {[%emt 0:00:16]} 27. Be3 {[%emt 0:00:04]} Rdd8 {[%emt 0:00:48]} 28. a4 {[%emt 0:00:02]} Rc8 {[%emt 0:00:48]} 29. Ne4 {[%emt 0:00:06]} Bf8 {[%emt 0:00:34]} 30. Nf6+ {[%emt 0:00:04]} Kg7 {[%emt 0:00:10]} 31. Nxe8+ {[%emt 0:00:05]} Rxe8 {[%emt 0:00:02]} 32. Bh6+ {[%emt 0:00:02]} Kg8 {[%emt 0:00:09]} 33. Rxe8 {[%emt 0:00:02]} Kh8 {[%emt 0:00:16]} 34. Rxf8# 1-0

[Event "Skalica Rapid 2020"]
[Site "Skalica"]
[Date "2020.08.29"]
[Round "1.9"]
[White "Dubanova, Kristina"]
[Black "Beres, Dominik"]
[Result "0-1"]
[WhiteElo "1128"]
[BlackElo "1988"]
[Annotator "ChessBase"]
[PlyCount "63"]
[EventDate "2020.08.29"]
[EventType "swiss"]
[EventCountry "SVK"]
[SourceTitle "playchess.com"]
[Source "ChessBase"]
[SourceQuality "1"]
[TimeControl "600+5"]

1. e4 {[%emt 0:00:00]} c6 {[%emt 0:00:00]} 2. Nf3 {[%emt 0:00:08]} d6 {[%emt 0:00:00]} 3. Nc3 {[%emt 0:00:26]} Qc7 {[%emt 0:00:04]} 4. Bc4 {[%emt 0:00:18]} b5 {[%emt 0:00:08]} 5. Bb3 {[%emt 0:00:17]} Nf6 {[%emt 0:00:10]} 6. d3 {[%emt 0:00:41]} b4 {[%emt 0:00:37]} 7. Ne2 {[%emt 0:00:53]} h6 {[%emt 0:00:09]} 8. Ng3 {[%emt 0:00:34]} e5 {[%emt 0:00:10]} 9. Be3 {[%emt 0:01:03]} Nbd7 {[%emt 0:00:03]} 10. O-O {[%emt 0:00:46]} Nc5 {[%emt 0:00:06]} 11. Bxc5 {[%emt 0:01:39]} dxc5 {[%emt 0:00:03]} 12. h3 {[%emt 0:00:20]} Be7 {[%emt 0:00:05]} 13. Re1 {[%emt 0:00:38]} O-O {[%emt 0:00:04]} 14. c3 {[%emt 0:00:33]} a5 {[%emt 0:00:02]} 15. d4 {[%emt 0:01:06]} cxd4 {[%emt 0:00:18]} 16. cxd4 {[%emt 0:00:10]} Bd6 {[%emt 0:00:37]} 17. Rc1 {[%emt 0:00:48]} Bd7 {[%emt 0:00:10]} 18. Qd2 {[%emt 0:00:37]} Rad8 {[%emt 0:00:20]} 19. a3 {[%emt 0:00:26]} Rfe8 {[%emt 0:00:32]} 20. d5 {[%emt 0:00:08]} c5 {[%emt 0:00:08]} 21. Rc2 {[%emt 0:00:06]} a4 {[%emt 0:00:05]} 22. Bc4 {[%emt 0:00:05]} Rb8 {[%emt 0:00:14]} 23. Qd3 {[%emt 0:00:05]} Qa5 {[%emt 0:00:33]} 24. Qd2 {[%emt 0:00:06]} Bb5 {[%emt 0:00:14]} 25. Bxb5 {[%emt 0:00:03]} Qxb5 {[%emt 0:00:02]} 26. Rcc1 {[%emt 0:00:06]} bxa3 {[%emt 0:00:08]} 27. bxa3 {[%emt 0:00:06]} c4 {[%emt 0:00:01]} 28. Qc3 {[%emt 0:00:05]} Rec8 {[%emt 0:00:07]} 29. Qc2 {[%emt 0:00:06]} Qb3 {[%emt 0:00:08]} 30. Qd2 {[%emt 0:00:05]} Bxa3 {[%emt 0:00:19]} 31. Rcd1 {[%emt 0:00:05]} c3 {[%emt 0:00:09]} 32. Qd3 {[%emt 0:00:11]} 0-1